| 000 | 01011cad a22002415a 4500 | ||
|---|---|---|---|
| 001 | L153461 | ||
| 008 | 110801s2011 xxk f 000 0 eng d | ||
| 035 | _a(Sirsi) u153461 | ||
| 041 | 0 | _aeng | |
| 110 | 2 |
_aCMS Cameron McKenna _95874 |
|
| 245 | 0 | 0 |
_aConstruction Act changes _bdraft amended Scheme goes before Parliament _h[electronic resource] |
| 260 |
_aLondon _bCMS Cameron McKenna LLP _c2011 |
||
| 490 | 0 | _aLaw-Now Article | |
| 520 | _aOutlines the amended Scheme for Construction Contracts which will take effect for England, Wales and Scotland. | ||
| 590 | _aKA NTK | ||
| 650 | 2 | 4 | _aHOUSING GRANTS, CONSTRUCTION AND REGENERATION ACT 1996 |
| 650 | 2 | 4 | _aLOCAL DEMOCRACY, ECONOMIC DEVELOPMENT AND CONSTRUCTION ACT 2009 |
| 651 | 4 |
_aUnited Kingdom _y |
|
| 690 | _aBUILT ENVIRONMENT-CONSTRUCTION MANAGEMENT-BUILDING CONTRACT ADMINISTRATION | ||
| 690 |
_aProcurement _96260 |
||
| 856 | 4 | 0 |
_uhttps://ca.linexsystems.com/register _zView this item via free registration at ca.linexsystems.com |
| 942 | _n0 | ||
| 999 |
_c112526 _d112526 |
||